Every TDS Enemy Throughout History (Up To 2026) - Statistics

General Stats
  • This quiz has been taken 12 times
    7 since last reset
  • The average score is 264 of 500
Answer Stats
Answer % Correct
A
100%
Abnormal
100%
Abnormal Boss
100%
B
100%
Bolt
100%
Breaker
100%
Breaker2
100%
Breaker3
100%
Breaker4
100%
Brute
100%
C
100%
Ducky
100%
Enraged
100%
Frost Spirit
100%
Grave Digger
100%
Heavy
100%
Hidden
100%
Hidden Boss
100%
Mystery
100%
Mystery Boss
100%
Normal
100%
Normal Boss
100%
Quick
100%
Slow
100%
Slow Boss
100%
Slow King
100%
Speedy
100%
24 Karat
75%
Abomination
75%
Amalgamation
75%
Balloon
75%
Bones
75%
Boomer
75%
Boomer 2
75%
Boomer (Legacy)
75%
Bulwark
75%
Bunny
75%
Cavalry
75%
Chained Boss
75%
Charge
75%
Circuit
75%
Circuit 2
75%
Crystalite
75%
Dark Necromancer
75%
Ducky D00M
75%
Dummy Boss
75%
Error
75%
Failed Experiment
75%
Fallen
75%
Fallen Dreg
75%
Fallen Guardian
75%
Fallen Guardian (Legacy)
75%
Fallen Hero
75%
Fallen Hero (Legacy)
75%
Fallen Honor Guard
75%
Fallen King
75%
Fallen King (Legacy)
75%
Fallen (Legacy)
75%
Fallen Reaper
75%
Fallen Rusher
75%
Fallen Rusher (Legacy)
75%
Fallen Skeleton
75%
Fallen Soul
75%
Fallen Soul (Legacy)
75%
Fallen Swordmaster
75%
Fallen Titan
75%
Fleshling
75%
Ghoul
75%
Giant Boss
75%
Gingerbread
75%
Glitch
75%
Golden
75%
Gold Guard
75%
Gold Titan
75%
Gravekeeper
75%
Gunslinger
75%
Hazard
75%
Hazardous
75%
Hazmat
75%
Health Cultist
75%
Hefty
75%
Hunter
75%
Invisible
75%
Jack o’ Bot
75%
Jaxe
75%
Knight
75%
Lava
75%
Lead
75%
Lead Balloon
75%
Lead Boss
75%
Living Experiment
75%
Long Ducky
75%
Lord Sinister
75%
Mechanical Rot
75%
Mega Slow
75%
Molten
75%
Molten Boss
75%
Molten Mech
75%
Molten Titan
75%
Molten Titan (Legacy)
75%
Molten Warlord
75%
Mother Ducky
75%
Mystery Summoner
75%
Narrator
75%
Necromancer
75%
Necromancer Boss (Legacy)
75%
Ninja
75%
Null Accelerator
75%
Patient Zero
75%
Present
75%
Radioactive
75%
Raider 1
75%
Raider 2
75%
Raider Boss
75%
Reaper
75%
Reaver
75%
Rusher
75%
Rusted
75%
Shadow
75%
Shadow Boss
75%
Shock
75%
Sir Hopsalot
75%
Skeleton
75%
Slime
75%
Snowy
75%
Soul
75%
Soul Boss
75%
Soul Stealer
75%
Speedy Boss
75%
Speedy King
75%
Stone Viking
75%
Strong
75%
Super Mystery
75%
Swamp Monster
75%
Swordmaster
75%
Tank
75%
Templar
75%
Templar (Legacy)
75%
The Umbra
75%
UFO
75%
Unknown
75%
Unstable Ice
75%
Vindicator
75%
Actor1
50%
Actor2
50%
Actor3
50%
Alien
50%
Armored
50%
Awakened Fallen King
50%
Basic Elf
50%
Bat
50%
Beehive
50%
Blighted
50%
Bomber Elf
50%
Boomer 1
50%
Bruh
50%
Bug
50%
Builder
50%
Builder Elf
50%
Buried
50%
Burnt Gingerbread
50%
Carrier
50%
Cart
50%
Champion Templar
50%
Citizen Plush
50%
Clanker
50%
Clown
50%
Cobalt Guard
50%
Conjurer
50%
Conserver
50%
Controlled
50%
Cookie Guard
50%
Cool Ducky
50%
Corrupted Conserver
50%
Corrupted Fallen
50%
Corrupted Haz3mn
50%
Corrupted Titus
50%
Creator
50%
Crying Angel
50%
Cursed Guard
50%
Cursed Knight
50%
Cursed Skeleton
50%
Deep Freeze
50%
Demon
50%
Dev
50%
Developer 1
50%
Developer 2
50%
Developer 3
50%
Ducky D00M III
50%
Ducky Unit
50%
Dust
50%
Eggroll
50%
Eggroll 1
50%
Eggroll 2
50%
Eggroll 3
50%
Eggsplosive
50%
Elite Abnormal
50%
Elite Boomer
50%
Elite Hazmat
50%
Elite Molten
50%
Ent
50%
Evil Ducky
50%
Evil Elf
50%
Executioner
50%
Exo Guard
50%
Explosive Ducky
50%
Fallen Angel
50%
Fallen Giant
50%
Fallen Hazmat
50%
Fallen Jester
50%
Fallen Necromancer
50%
Fallen Seraph
50%
Fallen Shield
50%
Fallen Squire
50%
Fallen Summoner
50%
Fallen Tank
50%
Fat Ducky
50%
Fey Yoshida
50%
Flare
50%
Flying Ducky
50%
Frankenstein
50%
Frost Hero
50%
Frost Invader
50%
Frost Mystery
50%
Frost Necromancer
50%
Frost Ravager
50%
Frost Tank
50%
Frozen
50%
Gatekeeper
50%
Ghost
50%
Ghost Knight
50%
Glitched Giant
50%
Goo
50%
Grizzly
50%
Hallow Bones
50%
Hallow Guard
50%
Headless Jaxe
50%
Hex Corpse
50%
Hex Spawn
50%
Husk
50%
Imposter
50%
Korblox Deathwalker
50%
Krampus
50%
Lawnmower
50%
Left Hand
50%
Lunar Servant
50%
Lunar Shard
50%
Lunar Shield
50%
Lurker
50%
Marionette
50%
Mecha-Claus
50%
Mega Clanker
50%
Mega Ducky
50%
Molten Corpse
50%
Molten Demon
50%
Molten Executioner
50%
Molten Golem
50%
Molten Hound
50%
Molten Necromancer
50%
Molten Summoner
50%
Mummy
50%
Mutagenic Blight
50%
Necromancer 2
50%
Necromancer King
50%
Necrotic Skeleton
50%
Nerd Ducky
50%
Noob
50%
Nuclear Fallen King
50%
Nuclear Guardian
50%
Nuclear Monster
50%
Null Beast
50%
Null Commander
50%
Null Engineer
50%
Null Pyromancer
50%
Null Warden
50%
Overgrowth
50%
P3NGU
50%
Packed Ice
50%
Pawn
50%
Penumbras
50%
Pike
50%
Possessed Armor
50%
Present2
50%
Present3
50%
Primordial Drakobloxxer
50%
Pumpkid
50%
Reanimated
50%
Rift Walker
50%
Right Hand
50%
Ripped Elf
50%
Scarecrow
50%
Scout
50%
SCT
50%
Shrike Crystal
50%
Shroogma
50%
Sin
50%
Sleigh
50%
Snow Golem
50%
Snowman
50%
Snow Minion
50%
Sock Puppet
50%
Solar Servant
50%
Solar Shard
50%
Speedy Elf
50%
Split
50%
Splitter
50%
Spy Ducky
50%
Strong Alien
50%
Strong Mummy
50%
Sugrawr
50%
Summoner Boss
50%
Super Mutant
50%
Super Slime
50%
Super Soldier Ducky
50%
Super Toxic
50%
Swamper
50%
Swamp Thing
50%
Swarm
50%
Tanker
50%
Titus
50%
Tombstone
50%
Tough Cookie
50%
Toxic
50%
Toy Soldier
50%
Uber Mystery
50%
Ultra Mystery
50%
Undead
50%
Undead Miner
50%
Unknown Boss
50%
Vampire
50%
Void
50%
Void Reaver
50%
Voodoo Doll
50%
Warden
50%
Wasted Boss
50%
Wasterunner
50%
Wastewalker
50%
Werewolf
50%
Witch
50%
Witch Doctor
50%
Withered
50%
Wox The Fox
50%
Wraith
50%
Yeti
50%
Zombegg
50%
Zombie Horse
50%
Zoomer
50%
Aged Eggroll 1
25%
Aged Eggroll 2
25%
Aged Eggroll 3
25%
Agent Ducky
25%
Armored Toilet
25%
Arrow
25%
Attendee
25%
Balloon Kid
25%
Blight Walker
25%
Brain Bound
25%
Brick Man
25%
Cat
25%
Chad
25%
Chunky Ducky
25%
Cold Mist
25%
Commander
25%
Corrupted Blight Walker
25%
Corrupted Horror
25%
Corrupted Revenant
25%
Corrupted Terror
25%
Corrupted Wraith
25%
Cursed Horse
25%
Dancer
25%
Eclipsed
25%
Elite Ducky
25%
Enigma
25%
Exo Follower
25%
Extra A
25%
Extra B
25%
Extra C
25%
Extra D
25%
Fanatic
25%
Forsaken Skull
25%
Frost Hunter
25%
Frost Mage
25%
Frost Undead
25%
Giant Skeleton
25%
Grandmother Ducky
25%
Gravestone
25%
Guest
25%
Hex Drako
25%
Hex Mimic
25%
Hex Minion
25%
Hex Revenant
25%
Hex’s Maw
25%
Hex Weaver
25%
Hex Wraith
25%
Hidden Zoomer
25%
Ice Beacon
25%
Korblox General
25%
Korblox Guard
25%
Korblox Seeker
25%
Korblox Soul
25%
Korblox Undead
25%
Korblox Warrior
25%
Kronus
25%
Lost Glitch
25%
Megatron Toilet
25%
Metal Toilet
25%
Mimic Umbra
25%
Mind Shackled
25%
Minigunner
25%
MiniHand
25%
Missile Ducky
25%
Monkey
25%
Neuro Runner
25%
Nightmarish Hulk
25%
Ninja Toilet
25%
Null Brawler
25%
Null Crook Boss
25%
Null Dredge
25%
Null Electroshocker
25%
Null Freezer
25%
Null Goon
25%
Null Guardian
25%
Null Guardian Clone
25%
Nulling
25%
Null Medic
25%
Null Missile APC
25%
Null Necromancer
25%
Null Pursuit
25%
Null Runner
25%
Null Scout
25%
Null Sentry
25%
Null Shrieker
25%
Operator Ducky
25%
Painter
25%
Papa Bread
25%
Performer
25%
Png Bot
25%
Png Bot2
25%
Png Bot3
25%
Png Bot4
25%
Producer
25%
Projector
25%
Pro Streamer
25%
Quick Pawn
25%
Redcliff Traitor
25%
Rotting Terror
25%
Sack Noob
25%
Security
25%
Shotgunner
25%
Siege Engine
25%
Spectator
25%
Spindling
25%
Spotlight
25%
Stereo Man
25%
Streamer
25%
Stunt Man
25%
Stunt Man Double
25%
Synaptic
25%
Tank 2
25%
Toilet
25%
Toilet Boss
25%
Trader
25%
Troll
25%
Upper Body
25%
Amalgamation (Legacy)
0%
Necromancer (Legacy)
0%
Rusher (Legacy)
0%
No matching quizzes found
Score Distribution
Percent of People with Each Score
Percentile by Number Answered
Your Score History
You have not taken this quiz since the last reset